[Event "Dos Hermanas op 3rd"]
[Site "Dos Hermanas"]
[Date "2002.04.13"]
[Round "9"]
[White "Komljenovic, Davorin"]
[Black "Cheparinov, Ivan"]
[Result "0-1"]
[WhiteElo "2505"]
[BlackElo "2450"]
[Annotator "Kapengut"]
[PlyCount "56"]
[EventDate "2002.04.05"]
[EventType "swiss"]
[EventRounds "9"]
[EventCountry "ESP"]
[SourceTitle "CBM 087 Extra"]
[Source "ChessBase"]
[SourceDate "2002.05.03"]
[SourceVersion "2"]
[SourceVersionDate "2002.08.09"]
[SourceQuality "1"]

1. d4 Nf6 2. c4 e6 3. Nc3 c5 4. d5 exd5 5. cxd5 d6 6. e4 g6 7. f4 Bg7 8. Bb5+
Nbd7 {During the whole history of this variant traditionally considered
dangerous for black, this more natural move than Nfd7 caused some interest,
however always was considered unsufficient for achievement of the equil
chances. The practice of the last years introduces corrective amendments to
this valuation.} 9. e5 dxe5 10. fxe5 Nh5 11. e6 Qh4+ 12. g3 Nxg3 13. hxg3 Qxh1
14. Be3 Bxc3+ $5 {Only this idea can apply for attention. About 20 years ago,
when I wrote 3 volumes about " Modern Benoni " for Rudi Schmaus, I analyzed
this variant in details, but, to my regret,this analysis was not published.}
15. bxc3 a6 16. exd7+ Bxd7 17. Bxd7+ Kxd7 {[%csl Rb7,Rc3,Rd5,Rd7,Re1,Rf7,Rg3] 
[#]} 18. Kf1 $6 $146 {A wrong novelty in a position, considered double-edged
until now. The right way after 18.Qb3 was demonstrated in the game Lautier,J -
Degraeve,JM/Clichy 2001(look below).} (18. Qg4+ f5 19. Qg5 (19. Qf3) 19... Qe4
(19... Qg2 20. O-O-O Qxa2 21. Bxc5 Rae8 22. Qf6 Kc8 23. Qb6 Qa1+ 24. Kd2 Qa4
25. d6 Qd7 26. Rb1 $36 {comet-wb-wcrafty-15_18/TERRY 1998}) 20. O-O-O h6 21.
Qf4 b6 22. Qxe4 fxe4 23. Ne2 g5 24. c4 Rhf8 25. Kd2 Rf6 $132 {[%csl Rb6,Re4]
[%cal Ga8f8,Gf8f1] Marine,S-Tremblay,LG/Compuserve email 1996}) (18. Qa4+ b5
19. Qg4+ $5 (19. Qf4 Rhe8 $1 20. O-O-O Qe4 21. Bxc5 (21. Qxe4 $6 Rxe4 22. Bf4
f6 23. Kc2 h5 24. Bc1 Rae8 25. Nh3 g5 $17 {[%csl Rh3][%cal Ge8e1] Davidson,
R-Thomas,M/CServe email 1998}) 21... Qxf4+ 22. gxf4 Rac8 23. Bd4 Re4 24. Nf3 (
24. Be5 f6 $1 {[%csl Rf4]} 25. Bxf6 Rxf4 26. Bd4 Rf5 {Crouch-Schabalow, Bern
1992} 27. Nh3 Rxd5 28. Nf4 Rd6 $17 {[%csl Rc1,Gg6,Gh7][%cal Gb5b4]}) 24... Rxf4
25. Ne5+ Kd6 26. Nc6 Re4 27. Bg1 f5 (27... Re2 $1 $17 {[%cal Ge2a2,Gc8c1,Gb5b4]
Shabalov,A}) 28. Kc2 h5 29. Kb3 f4 $17 {[%csl Gf4,Gg6,Gh5] Remlinger,
L-Shabalov,A/Las Vegas op (06)/1993/}) 19... f5 20. Qf3 Qxf3 21. Nxf3 Rhe8 22.
Kf2 Re4 23. Ng5 (23. Bxc5 Rae8 24. Ng5 Re2+ 25. Kf3 Rd2 26. Nxh7 Rd3+ 27. Kf2
Rd2+ 28. Kf1 Kc8 29. a4 Rh8 $14 {[%csl Rd5,Rf1,Rg6]}) 23... Rc4 24. Nxh7 Rh8
25. Rh1 Kc8 26. d6 Rxc3 27. d7+ Kxd7 28. Nf6+ Ke6 29. Rxh8 Kxf6 30. Rc8 Rc2+
31. Kf3 Rxa2 32. Rxc5 $14 {Remlinger,L-Brownescombe,T/San Mateo/1994/}) (18.
Qf3 Qxf3 19. Nxf3 Rhe8 (19... Rae8 20. Kf2 (20. Kd2 $5) 20... Re4 $5 21. Bxc5
Rhe8 {-19...Rhe8}) (19... Kd6 20. c4 f6 $14) 20. Kf2 (20. Kd2 c4 21. Rh1 Kd6
22. Rxh7 Re7 23. Bg5 Rd7 24. Rh4 b5 25. Rd4 f6 26. Bxf6 Rf8 27. Be5+ Kc5 28.
Rf4 Rxf4 29. gxf4 Rxd5+ 30. Bd4+ $16 {[%csl Gd4,Rg6] Mohd,F-Dowden,R/Auckland
1997}) 20... Kd6 $6 (20... Re4 21. Bxc5 (21. Ng5 Re5 {/\} 22. Nxf7 $2 Rf5+ $19)
(21. Nd2 Rg4 22. Bf4 g5 23. Ne4 $1 gxf4 24. Nf6+ Kd6 25. Nxg4 fxg3+ 26. Kf3
Kxd5 $15 {[%csl Rc3,Gf7,Gh7] Anderson,S-Dejmek,M/Dallas Pinfork op 1996}) 21...
Rae8 22. Nd4 $5 {/\Rb1+/=} (22. Re1 $6 Rxe1 23. Nxe1 b6 $1 24. Bd4 (24. Bxb6
Kd6 25. Nc2 Kxd5 26. Ne3+ Ke4 27. a4 f5 28. a5 h5 29. c4 Kd3 30. Kf3 Re4 31.
Ng2 g5 32. c5 Re2 33. c6 g4+ 34. Kf4 Rxg2 $19 {Thuesen,M - de Firmian,N/ Farum
1993}) 24... Kd6 25. c4 Rc8 26. Bxb6 Rxc4 27. a3 Kxd5 28. Bd8 Ke4 $17 {[%csl
Ra3,Gc4] Krachler,G-Shabalov,A/ Werfen 1990}) (22. Ng5 R4e5 23. Nxh7 Rf5+ 24.
Kg1 Rc8 $5 (24... Rh8 $6 25. Nf8+ Kc8 26. Rd1 $16) (24... Ree5 25. Bd4 $16 {
[%csl Re5,Gh7][%cal Gh7f6]}) 25. Bd4 Kd6 26. Nf6 Rc4 27. Rd1 Rxd4 28. Ne8+ Ke7
29. Rxd4 Kxe8 30. c4 Rf3 $15 {[%csl Ra2,Gd5,Rg3]}) 22... R4e5 (22... R8e5 23.
c4 b5 24. Kf3 Re3+ 25. Kg2 $13) 23. c4 b5 $5 (23... Rc8 24. Nb3 b6 25. Bxb6
Rxc4 26. Nc5+ Kd6 27. Nxa6 $14 {[%csl Ga2]}) 24. Rb1 $5 bxc4 25. Rb7+ Kc8 26.
Ra7 Rxd5 27. Bb6 $132 {[%csl Ra6,Ga7,Gb6,Rc4,Rc8,Gd4,Rf7]}) (20... Rac8 21. a4
$1 $36 {[%csl Rb7,Gd5][%cal Ga4a5,Ga1b1,Gb1b7] /\a5,Rb1}) 21. c4 (21. Rd1 f6
22. Bf4+ Kd7 23. Rb1 b5 24. a4 g5 25. Be3 Kd6 26. axb5 Kxd5 27. bxa6 Rxa6 28.
Rb5 Rc6 29. Nd2 $14 {[%csl Rc5] Ewald,A-Grafl,F/Bad Zwesten 2001}) 21... f6 (
21... b5 22. Bf4+ Kd7 23. Ne5+ $16 {[%csl Rb5,Rc5,Gd5,Rd7,Ge5,Rf7] Ftacnik,L})
22. Rb1 $2 (22. a4 $1 {/\ a5} b5 $8 23. Nd2 $16 {[%csl Rc5,Gd2] Ftacnik,L})
22... b5 $8 23. Nd2 $1 (23. cxb5 $6 axb5 24. Rxb5 Rxa2+ 25. Nd2 Kxd5 (25... c4
$6 26. Kf3 $16) 26. Rxc5+ Kd6 27. Rc3 $11) (23. Bf4+ Kd7 24. Nd2 g5 25. Be3 Kd6
{-23.Nd2}) 23... g5 (23... bxc4 $6 24. Nxc4+ Kxd5 25. Nb6+ Kc6 26. Nxa8 Rxa8
27. Rc1 $16) 24. Kf3 Rad8 {/\ bc4 Illescas Cordoba,M-Topalov,V/ Alcobendas m/
1994/} 25. Ne4+ $5 Ke5 (25... Rxe4 26. Kxe4 Re8+ 27. Kf3 bxc4 28. Rb6+ Kxd5 29.
Rxf6 c3 30. Rf5+ $16) 26. Nxc5 (26. Bxc5 $2 g4+ 27. Ke3 bxc4 $17) 26... bxc4
27. Nxa6 Rc8 28. Nb4 c3 $13 {Illescas Cordoba,M}) (18. Qb3 {[%csl Rb7,Rf7]
White's K is safer, there is still a possibility of castling. so White keeps
the Queens on and plays for the attack, which quickly proves to be very strong.
This move combines attack with quick removal of the K from the fire zone.
Black's chances are quite poor. Stohl,I} b5 (18... Kc8 19. O-O-O $16 {Ftacnik,L
}) 19. O-O-O (19. Bxc5 Rac8 20. Bf2 Rhe8+ 21. Kf1 Rc4 $36 {[%csl Rb3,Gc4,Ge8,
Rf1,Gh1] Ftacnik,L}) 19... Rhe8 (19... c4 $2 20. Qb4 Rhc8 21. Bg5 $18) (19...
Rac8 $2 20. d6 $1 (20. Bf4 $5) (20. Qa3 Qe4 21. Bxc5 $16) 20... c4 21. Qc2 Rhe8
22. Qf2 f5 23. Nf3 $18) (19... Qg2 $2 20. Bxc5 Qxg3 21. Rf1 f5 22. Nf3 Rhe8 23.
d6 Re6 24. Qd5 Rb8 25. Ba7 Rd8 26. Qb7+ Ke8 27. d7+ Kf7 28. Qd5 Qf4+ 29. Kb2 h6
30. Bb6 $18 {Anderson,S-Dejmek,M/Houston op 1999}) (19... Rhc8 20. Qa3 Qe4 21.
Bxc5 Qc4 22. Bd4 (22. Bb4 $5) 22... b4 23. Qa4+ Qb5 $16 {Black must try to get
the Q off to survive for a while, even if it costs him a pawn.}) (19... Qe4 $5
20. Bxc5 Rhc8 (20... Qc4 21. Qxc4 bxc4 22. Nf3 Rhe8 23. Ng5 Re2 24. Rd2 Re1+
25. Kb2 Rb8+ 26. Ka3 Rb5 27. Bb4 Re3 28. Nxh7 Rxg3 29. Nf6+ $16 {[%csl Gb4,Gd2,
Gd5,Gf6] Zerm,A-Dejmek,M/Dallas Pinfork op 1996}) 21. Bd4 (21. Qb4 $6 Qxb4 22.
cxb4 a5 23. a3 axb4 24. axb4 Ra2 25. Nf3 Re8 {0-1 Ponting,A-Kinkelin,C/IECG
email 1999}) 21... Rc4 22. Kb2 Qg2+ 23. Ka1 Re8 24. Qb2 Qxg3 25. Ne2 Qf3 26.
Re1 (26. Rd2 $4 Rxe2 27. Rxe2 Qf1+ $19 {Asgeirsson,H-Bjornsson,B/VISA GP
Reykjavik 1998}) 26... Qxd5 $17 {[%csl Gc4,Gd5,Re1,Ge8,Gf7,Gg6,Gh7][%cal Ge8e1]
}) 20. Bxc5 $5 (20. Bf4 Qh5 (20... Qg2 21. Qa3 Rec8 22. Qa5 g5 $5 23. Bxg5 Qxg3
24. Bd2 Re8 25. Rf1 Qg6 26. Bf4 Rac8 27. Nf3 Qf6 28. Nd2 Re2 29. d6 Rc6 30. Bg3
Qg7 31. Bh4 Qg8 32. Be7 b4 33. Nc4 Qg3 34. Qd8+ Ke6 35. Qh8 Re1+ 36. Rxe1+
Qxe1+ 37. Kb2 Qe2+ 38. Kb3 Qd1+ 39. Kb2 $11 {[%csl Rb2,Gd6,Re6] Pyrich,
G-Brooks,I/corr Pelikan mem-A 1998}) 21. d6 c4 22. Qa3 a5 23. Qb2 Rab8 24. Qf2
Rb7 25. Re1 Qd5 26. Rxe8 Kxe8 27. Qe3+ Qe6 28. Qxe6+ fxe6 29. Nf3 Kd7 30. Ng5
h6 31. Nf7 g5 32. Be5 b4 33. Nxh6 Rb5 34. Ng4 Kc6 35. Kc2 Rd5 $132 {[%csl Gd5,
Gd6] Compagnie,L-Obers,F/Nederland tt 1996}) 20... Qg2 $1 {As against the
considered below game Sokolov, I-Topalov, V/Wijk 1996/ black do not weaken
pown a6. White is difficult to create real threats.} (20... Rac8 $6 21. Bd4 Qg2
$6 (21... Re4 22. Kb1 $16) (21... Rc4 22. Ne2 (22. Qc2 $140 $4 Rxd4 $19) 22...
Qf3 23. Nf4 Qxg3 (23... Re4 $140 $6 24. Nd3 $1) 24. Nd3 Re2 $132 {[%csl Rc1,
Gc4,Ge2,Gg3]}) 22. Qa3 $1 Qxg3 (22... Ra8 23. Qc5 $1 Rec8 24. Qb6 {/\ Qb7+-}
Qxg3 25. Qf6 Qd6 26. Qxf7+ Qe7 $14) 23. Qxa6 $18 {With black K on g8 the
second player would be quite comfortable, but on d7 his fate is sealed.} Rxc3+
(23... Qg5+ 24. Kc2 (24. Kb2 $2 Qxd5) 24... Qg2+ (24... Qf5+ 25. Rd3 $18) 25.
Rd2 Qf1 26. Ne2 $18 {Ftacnik,L}) 24. Kb2 $18 {Now Black's K is helpless in the
middle. '! '} (24. Bxc3 $2 Qxc3+ 25. Kb1 Qb4+ 26. Kc2 Qc4+ $11) (24. Kb1 $1 Re1
(24... Qg4 25. Qxb5+ $18) (24... Rb3+ 25. Ka1 $18 {Ftacnik}) 25. Qxb5+ Kc8 26.
Qa6+ Kd7 27. Qb5+ Kd6 28. Qb8+ Kd7 29. Qb5+ Kd6 30. Bc5+ Rxc5 31. Qb8+ Kd7 32.
Qxg3 Rxd1+ 33. Kb2 Rdxd5 $16 {Ragnarsson,J-Gudmundsson,K/Reykjavik ISL 2002})
24... Rcc8 25. Qxb5+ Kd6 (25... Ke7 26. d6+ $1 Qxd6 27. Re1+ Kf8 28. Rxe8+ Rxe8
29. Bc5 $18) (25... Kc7 26. Qc6+) 26. Ka1 $1 {The difference between the
fortunes of the two K can hardly be more striking.Sokolov,I.} (26. Bc5+ $2 Rxc5
27. Qb6+ Kd7 28. Qxc5 Qh2+ $1 29. Ka1 Qe5+) 26... Qa3 (26... Re1 $2 27. Qb4+
$18) (26... h5 27. Bc5+ $1 Rxc5 28. Qb6+ $18) 27. Bb2 $1 $18 {Sokolov,
I-Topalov,V/Wijk 1996/CBM 51/[Stohl]}) 21. d6 Re6 22. Nh3 Qxh3 23. Qd5 Rb8 24.
Ba7 Qh6+ 25. Kb1 (25. Kb2 Qf8 26. Bxb8 Qxb8 27. g4 h6 28. Qf3 Rxd6 29. Qxf7+
Kc6 30. Qf3+ Kb6 31. Qe3+ Ka5 32. Rxd6 Qxd6 33. Qxh6 Ka4 $15 {Berkley
Stephen-Fernandez Gerardo/TH-M-422.2 1999}) 25... Qf8 26. g4 $1 {[%csl Gd6,Rd7]
White doesn't have to take on b8 immediately and can make a useful positional
move first. Stohl,I} ({There was unnoticed the women game Cuevas Rodriguez,
M-Eriksson,I/Erevan olw 1996 , where for the first time there was this idea.} 
26. Bxb8 $6 Qxb8 27. g4 Rxd6 28. Qxf7+ Kc6 29. Rxd6+ Qxd6 30. Qxh7 Qd1+ 31. Kb2
Qxg4 $17) 26... Qe8 $6 {The mistake, which results in equality..} (26... b4 $6
27. Bxb8 Qxb8 28. c4 b3 29. c5 bxa2+ 30. Ka1 Qh8+ 31. Rd4 $18) ({It was
necessary to play} 26... h6 $5 27. Bxb8 Qxb8 28. Qf3 Rxd6 29. Qxf7+ Kc6 30.
Qf3+ Kb6 31. Qe3+ Ka5 32. Rh1 g5 $17) 27. Bxb8 Qxb8 28. Rf1 Qxd6 29. Rxf7+ Ke8
{1/2-1/2 Lautier,J-Degraeve,J/Clichy 2001}) 18... Rhe8 19. Bxc5 $6 (19. Qb3 b5
20. Bxc5 Re5 21. Rd1 Rc8 22. Bf2 Rc4 $132 {[%csl Gc4,Ge5,Rf1,Gh1]}) 19... Re5
20. c4 Qe4 21. Qb3 (21. Nf3 $6 Qxc4+ 22. Kg2 Re2+ 23. Bf2 Rae8 $36 {[%csl Gc4,
Ge2,Ge8,Rg2]}) 21... b5 $1 22. cxb5 $4 (22. Nf3 $8 Rf5 23. Kg2 Rc8 $17 {
[%csl Rc4]}) 22... Rf5+ 23. Bf2 Qd4 $19 {[%csl Ra1,Rf2]} 24. Nf3 Qxa1+ 25. Kg2
Rh5 26. Nh4 Qe5 27. bxa6 Qxd5+ 28. Qxd5+ Rxd5 0-1

[Event "Zagreb/ Rijeka"]
[Site "Zagreb/ Rijeka"]
[Date "1985.04.24"]
[Round "4"]
[White "Hulak, Krunoslav"]
[Black "Lobron, Eric"]
[Result "1-0"]
[WhiteElo "2450"]
[BlackElo "2505"]
[Annotator "Kharitonov,A"]
[PlyCount "87"]
[EventDate "1985.04.21"]
[EventType "tourn"]
[EventRounds "15"]
[EventCountry "CRO"]
[EventCategory "11"]
[SourceTitle "MCL"]
[Source "ChessBase"]
[SourceDate "1999.07.01"]
[SourceVersion "1"]
[SourceVersionDate "1999.07.01"]
[SourceQuality "1"]

1. d4 Nf6 2. c4 e6 3. Nc3 c5 4. d5 exd5 5. cxd5 d6 6. e4 g6 7. f4 Bg7 8. Bb5+
Nfd7 9. a4 (9. Bd3 Qh4+ 10. g3 Qe7 11. Nf3 O-O 12. O-O Nb6 13. Kg2 Bg4 14. h3
Bxf3+ 15. Qxf3 N8d7 $13 {Lukacs,P-Psakhis,L/Saraevo/1981/0:1/31/}) 9... a6 (
9... Na6 10. Nf3 Nb4 11. O-O a6 12. Bxd7+ $1 Bxd7 13. f5 O-O 14. Bg5 $36 {
Kasparov,G-Nunn,J/Luzern ol/1982/1:0/21/}) 10. Be2 (10. Bd3 O-O 11. Nf3 Nf6 12.
O-O Bg4 13. h3 Bxf3 14. Qxf3 Nbd7 $13) 10... Qh4+ $5 (10... O-O 11. Nf3 Re8 12.
O-O (12. Nd2 Bd4 $1) 12... Bxc3 13. bxc3 Rxe4 14. Bd3 Re8 15. f5 $44) 11. g3
Qd8 (11... Qe7 12. Nf3 (12. Bf3 f5 13. Nge2 Nf6 $13)) 12. Nf3 O-O 13. O-O Re8
14. Nd2 Nf6 (14... Bd4+ $6 15. Kg2 Nf6 16. Bf3 Qd7 (16... Nbd7 17. Re1 $16) 17.
Kh1 (17. Nc4 $2 Qh3+ 18. Kh1 Ng4 19. Bxg4 (19. Qe2 Nxh2 $19) 19... Bxg4 20. Qe1
Bxc3 21. bxc3 Rxe4 $19) 17... Qh3 18. Bg2 Qh6 19. f5 $1 $16) 15. Bf3 Bh3 16.
Re1 Nbd7 17. Nc4 Nb6 (17... Qc7 $2 18. e5 dxe5 19. d6 Qc8 20. fxe5 $18) 18. Ne3
h5 (18... Qc7 19. g4 $5) 19. Qd3 (19. a5 Nbd7 20. Nc4 b5 21. axb6 Nxb6 $132)
19... Rb8 20. Bd2 Nc8 $6 (20... Nbd7 21. a5 (21. Nc4 Nb6 22. b3 Ng4 $13) 21...
Ng4 22. Nxg4 Bxg4 23. Bxg4 hxg4 $132) 21. Rab1 Na7 (21... Qd7 22. b4 cxb4 23.
Rxb4 Ng4 24. Reb1 $16) 22. b4 $1 cxb4 23. Rxb4 Nd7 24. Qb1 Nc5 $13 (24... Qc7
25. Rc1 Nc5 26. Nc4 Rbd8) 25. Nc4 a5 (25... Qc7 $5) (25... Bd4+ $5 26. Kh1 Qf6
27. Qc2 Rbd8 28. Ne2 Bf2 $5 29. Reb1 b5 $13) 26. Rb6 Nc8 (26... Bd4+ 27. Kh1
Nd3 $2 28. Qxd3 Bxb6 29. Nxb6 Qxb6 30. Be3 $18) 27. Rb5 Bd4+ 28. Kh1 Bd7 (28...
b6 $2 29. Nxa5) (28... Bxc3 $2 29. Bxc3 Nxa4 30. Bxa5 $16) 29. Rxa5 b6 30. Rb5
Qf6 $2 (30... Bxb5 31. Nxb5 Bg7 32. Bb4 Ra8 33. Qc2 Qd7 $13) 31. Qc2 Nxa4 $2 (
31... Bxb5 32. Nxb5 Re7 33. Bg2 $16) 32. e5 $1 dxe5 33. Ne4 Qf5 34. Qxa4 exf4
35. Qb3 $18 (35. gxf4 $18) 35... fxg3 (35... Bxb5 36. Qxb5 Na7 37. Qb3 Qxd5 38.
Nf6+ $18) 36. Nxg3 Rxe1+ 37. Bxe1 Qf4 (37... Qf6 38. Ne4 Qe7 39. Bc3 $18) 38.
Ne2 Qf6 39. Nxd4 Qxd4 40. Rb4 Ra8 41. Qc3 Qxc3 (41... Qc5 42. Nxb6) 42. Bxc3 b5
43. Ne5 Ra3 (43... Be8 44. d6 Ra7 45. Bd4 $18) 44. Bb2 (44. Bb2 Ra7 45. Nxd7
Rxd7 46. Rxb5 $18) 1-0

[Event "FIDE World Cup 5-6"]
[Site "Khanty-Mansiysk"]
[Date "2005.12.17"]
[Round "7.4"]
[White "Bareev, Evgeny"]
[Black "Gelfand, Boris"]
[Result "1/2-1/2"]
[WhiteElo "2675"]
[BlackElo "2717"]
[Annotator "Marin,M"]
[PlyCount "121"]
[EventDate "2005.11.27"]
[EventType "k.o."]
[EventRounds "7"]
[EventCountry "RUS"]
[SourceTitle "CBM 111"]
[Source "ChessBase"]
[SourceDate "2006.04.04"]
[SourceVersion "1"]
[SourceVersionDate "2006.04.04"]
[SourceQuality "1"]

1. d4 Nf6 2. c4 e6 3. Nc3 c5 4. d5 exd5 5. cxd5 d6 6. e4 g6 {Apart from a
couple of games played almost two decades ago, the Benoni has never been seen
in Gelfand's games as Black. His opening choice in the present game was most
likely motivated byt the necessity of playing for a win at any cost in order
to equalise the score.} 7. f4 Bg7 8. Bb5+ {This is one of Bareev's pet systems
and probably the most aggressive way to face the Benoni.} Nfd7 9. a4 Qh4+ 10.
g3 Qd8 $5 {A paradoxical move. After having provoked the weakening move g3, it
looks more normal to retreat with the queen to e7 (which is more popular,
indeed). However, there are several systems where the queen is well developed
on its initial square. In this concrete case, Black aims to keep the d5-pawn
under indirect pressure, in order to discourage an early pawn break in the
centre based on e5.} 11. Nf3 O-O 12. O-O a6 {WHite has now a choice of
principle about where to retreat with his bishop.} 13. Bc4 {This move
overdefends the d5-pawn in order to discourage the return of the knight to f6
in view of e5.} ({The main alternative is} 13. Bd3 {when Black answers} Nf6 {
, of course.} 14. Re1 (14. Kg2 Bg4 15. h3 Bxf3+ 16. Qxf3 Nbd7 {leads to a
normal position for Black.} 17. Be3 Qa5 18. Rae1 Rae8 19. Re2 Qb4 20. Bc1 {
1/2-1/2 Timoschenko,G-Pigusov,E}) 14... Bg4 15. Be2 Nfd7 $6 {This new loss of
time does not entirely justify itself.} (15... Re8 $142 $1 {/\Nbd7} 16. e5 dxe5
17. fxe5 Nfd7 $13 {White has several ways to complicate the game, but the
position is double edged.}) 16. Nd2 $6 {But now, Black gets sufficient
counterplay, WHite should generelly try to preserve his king's bishop, in
order to defend the light squares better.} (16. Bf1 $1 {/\h3 would win a tempo
over Krush-Christiansen, see below.}) 16... Bxe2 17. Rxe2 Re8 18. Nc4 Nb6 19.
Na3 Bd4+ 20. Kh1 N8d7 21. Qd3 Nf6 22. a5 Nbd7 23. Nc2 Bxc3 24. bxc3 c4 25. Qxc4
Rc8 $15 {The weakness of the light squares from White's camp is obvious. 0-1
Palo,D (2325)-De Firmian,N (2552)/Copenhagen 2001/CBM 083 ext (63)}) 13... Nb6
{This is the only way to continue the development without allowing e4-e5.
However, the knight will be unstable on b6, which will recquire from Black a
very careful distribution of forces.} 14. Be2 (14. Bd3 Bg4 15. Re1 N8d7 16. Bf1
$5 {/\ h3. This might look like just another loss of tempo, but in fact Black
has lost time with his manoeuvres, too.} Re8 (16... f5 17. h3 Bxf3 18. Qxf3 $14
) 17. h3 Bxf3 18. Qxf3 Qc7 (18... Nf6 $5 19. Bd2 Nbd7) 19. Be3 ({White should
generally keep the advance of the a-pawn in reserve. In case of the hurried} 
19. a5 {Black gets counterplay with} Nc8 {/\c4, b5} 20. Bc4 b5 21. axb6 Ncxb6
22. Bxa6 Nb8 $44 {White faces certain problems keeping his position together.
His development is incomplete and he risks to become overextended. In certain
lines, the h3-pawn is hanging.}) 19... c4 {But this looks like premature
commitment.} (19... Nf6 {/\Nbd7 leads to a normal position for Black.}) 20.
Rec1 Rab8 21. Nd1 $6 (21. a5 $1 Nc8 22. Na4 $16) 21... a5 $1 {At the cost of
weakening the b5-square, Black stabilizes his queen side position.} 22. Kh2
Rbc8 23. Ra3 Qd8 24. Rc2 Nc5 25. Bxc4 Rxe4 26. Bb5 f5 $11 {1-0 Krush,
I-Christiansen,L/WorldChessNetwork.com 2003 (45)}) 14... Bg4 15. Be3 (15. Ng5
Bxe2 16. Qxe2 Qe7 $6 {This move does not make too much sense to me. Black's
queen has opted for the d8-square in the opening and it should stay there at
least until the development is complete.} (16... N8d7 17. Bd2 Re8 $132) 17. a5
Nc8 18. Bd2 Nd7 19. Rae1 b5 20. axb6 Bd4+ 21. Be3 Ncxb6 22. Bxd4 cxd4 23. Nd1
$14 {1/2-1/2 Olafsson,H (2520)-Psakhis,L (2585)/Moscow 1989/TD (36)}) 15... Re8
16. Qc2 Qe7 {This move creates the strong threat of ...Bxc3 followed by ...
Qxe4.} ({The immediate} 16... Bxc3 {looks rather risky, because of Black's
poor development:} 17. bxc3 (17. Qxc3 Rxe4 18. Ng5 Nxd5 19. Qd2 Nxe3 20. Nxe4
Nxf1 21. Bxf1 Nc6 $11) 17... Rxe4 18. Ng5 (18. Qxe4 $2 Bf5) 18... Rxe3 19. Bxg4
N8d7 20. c4 $32 {[%csl Ga8][%cal Ya1e1,Ya4a5]} Nf6 21. Bh3 h6 22. Be6 $1 hxg5
23. fxg5 $40) ({However, I believe that the natural developing move} 16... N8d7
{is a safer option for Black.}) 17. e5 $1 $146 {Since White has problems
holding his e4-pawn, it is better to sacrifice it in this way, in order to
create a strong passed pawn on the d-file.} (17. a5 Bxc3 18. Qxc3 Nxd5 19. exd5
Qxe3+ 20. Qxe3 Rxe3 $15 {0-1 Laine,H-Paavilainen,J (2280)/Helsinki 1990/EXT
2000 (29)}) 17... dxe5 18. fxe5 Bxf3 19. Rxf3 N8d7 (19... Qxe5 20. Rd1 $32) 20.
d6 Qe6 (20... Qxe5 21. Rd1 $44 {[%csl Gf7][%cal Ya4a5,Yc2b3]}) 21. Rd1 Nxe5 22.
Bxc5 $1 {By sacrificing the exchange, WHite consolidates his central pawn,
activates his bishops and deprives Black from the excellent outpost on d4.}
Nbd7 23. Ba3 Nxf3+ 24. Bxf3 Rab8 25. Nd5 $44 {White's compensation is obvious.
Black faces problems finding open files for his rooks while the d6-pawn
reqcuires permanent surveillance.} Kh8 26. Kg2 Red8 27. Nc7 Qf6 28. Rf1 Qe5 29.
Rf2 h5 30. Qb3 Rf8 31. Re2 Qd4 32. Qd5 Qxa4 33. Re7 Nf6 34. Qd3 Rbd8 35. Bxb7
Nd7 36. Qxa6 Qg4 37. Bf3 Qg5 38. Qb5 Ne5 39. Qe2 h4 40. Bb4 Rb8 41. Bc3 h3+ 42.
Kxh3 Qf5+ 43. Kg2 Nxf3 44. Qxf3 Qxf3+ 45. Kxf3 Bxc3 46. bxc3 Rfd8 47. Rxf7 Rxd6
48. Kg4 Kg8 49. Rf4 Rc8 50. Nb5 Rd2 51. h4 Kg7 52. c4 Rd3 53. Nd4 Kh6 54. Nf3
Rc5 55. Re4 Rc3 56. Ne5 Ra5 57. Kf4 Ra1 58. Ng4+ Kg7 59. Ne3 Ra7 60. Nd5 Rb3
61. g4 1/2-1/2